Biblioteca

Religious foundations (Registro nro. 32742)

Detalles MARC
000 -LÍDER
Campo fijo de descripción fija 00875nam a22002537a 4500
001 - NÚMERO DE CONTROL
Campo de control 1419
003 - IDENTIFICADOR DEL NÚMERO DE CONTROL
Campo de control CO-MdFUSB
005 - FECHA Y HORA DE LA ULTIMA TRANSACCIÓN
control field 20240531062734.0
008 - ELEMENTOS DE LONGITUD FIJA -- INFORMACIÓN GENERAL
Campo fijo de descripción fija -- Información general 170228t1923 xxu||||| |||| 00| 0 eng d
040 ## - FUENTE DE CATALOGACIÓN
Agencia de catalogación original CO-MdFUSB
Idioma de catalogación spa
Agencia que realiza la transcripción CO-MdFUSB
Agencia que realiza la modificación CO-MdFUSBC
Convenciones de la descripción rda
041 0# - CÓDIGO DE IDIOMA
Código de idioma para texto/pista de sonido o título separado eng
082 04 - NÚMERO DE CLASIFICACIÓN DECIMAL DEWEY
Número de clasificación G 200 J762r
100 1# - ASIENTO PRINCIPAL--NOMBRE PERSONAL
Nombre personal Jones, Rufus M. (Editor)
245 #0 - TÍTULO
Título del Material Religious foundations
Parte restante del título - Subtitulo
Mención de responsabilidad, etc. / A. Clutton-Brock...[et.al.] ; Rufus M. Jones, Editor
264 ## - PRODUCCIÓN, PUBLICACIÓN, DISTRIBUCIÓN, MANUFACTURA, Y COPYRIGHT
Lugar de producción, publicación, distribución, manufactura New York, N.Y., USA
Nombre del productor, publicador, distribuidor : MacMillan,
Fecha de producción, publicación, distribución, manufactura, o copyright 1923
300 ## - DESCRIPCIÓN FÍSICA
Extensión 144 Pag.
Otros detalles físicos
336 ## - TIPO DE CONTENIDO
Fuente rdacontent
Término de tipo de contenido texto
Código de tipo de contenido txt
337 ## - TIPO DE MEDIO
Fuente rdamedia
Nombre del tipo de medio sin mediación
Código del tipo de medio n
338 ## - TIPO DE SOPORTE
Fuente rdacarrier
Nombre del tipo de soporte volumen
Código Tipo de soporte nc
501 ## - NOTA DE “CON”
Nota de Contenido Pasta dura
505 00 - NOTA DE CONTENIDO
Nota de contenido con formato preestablecido Fundaciones religiosas - Pensamiento cristiano - Ensayos sobre la naturaleza, la sociedad, el reino de Dios, la Biblia, el mal y el progreso humano
650 #7 - ASIENTO SECUNDARIO DE MATERIA - TERMINO TEMÁTICO
Término temático o nombre geográfico como elemento de entrada Cristianismo
Fuente del encabezamiento o término
9 (RLIN) 22
942 ## - TIPO DE MATERIAL (KOHA)
Tipo de Item KOHA Libros General
Existencias
Estado de Material Estado de Perdido Estado de Dañado No para Préstamo Colección Tomo Biblioteca de Origen Biblioteca Permanente Fecha de Adquisición Total de Préstamos Signatura Topográfica Código de Barras Última vez visto Ejemplar/Existencia Fecha de Remplazo Tipo de Material
        Colección General   Biblioteca FUSBC Biblioteca FUSBC 15/10/2004   G 200 J762r 888 12/12/2019 1 26/01/2016 Libros General

Biblioteca FUSBC | Teléfono: (57+4) 349 88 10 Ext. 141| WhatsApp (+57) 3005338115 
E-mail: biblioteca@unisbc.edu.co | Calle 76 87-14 Robledo Palenque, Medellín, Colombia

Con tecnología Koha